[Event "DVM U14 2016"]
[Site "Düsseldorf GER"]
[Date "2016.12.27"]
[Round "1"]
[White "Krastev, Alexander"]
[Black "Meier, Julian"]
[Result "1-0"]
[Termination "normal"]
[Board "10.1"]
[WhiteElo "1961"]
[BlackElo "1267"]
[WhiteTeam "Biebertaler SF"]
[BlackTeam "Gütersloher SV"]
[PlyCount "39"]
[WhiteFideId "12989983"]
[BlackFideId "16235207"]
[EventCountry "GER"]
[EventRounds "7"]
[EventType "team-swiss"]
[EventDate "2016.12.26"]

1. e4 e5 2. Nc3 Nc6 3. Bc4 Nf6 4. d3 Bb4 5. Nge2 O-O 6. O-O d6 7. a3 Bc5 8. Na4
Bd4 9. c3 Bb6 10. Nxb6 axb6 11. f4 Qe7 12. f5 Rd8 13. Bg5 h6 14. Bh4 Na5 15.
Ba2 b5 16. Kh1 b6 17. Ng3 g6 18. fxg6 Be6 19. Bxf6 Qd7 20. Qh5 1-0

[Event "DVM U14 2016"]
[Site "Düsseldorf GER"]
[Date "2016.12.27"]
[Round "1"]
[White "Kühn von Burgsdorff, Johannes"]
[Black "Grunwald, Jonathan"]
[Result "0-1"]
[Termination "normal"]
[Board "10.2"]
[WhiteElo "1211"]
[BlackElo "1526"]
[WhiteTeam "Gütersloher SV"]
[BlackTeam "Biebertaler SF"]
[PlyCount "78"]
[WhiteFideId "16234960"]
[BlackFideId "12955744"]
[EventCountry "GER"]
[EventRounds "7"]
[EventType "team-swiss"]
[EventDate "2016.12.26"]

1. d4 d5 2. Nf3 Bg4 3. c4 dxc4 4. e3 e6 5. Bxc4 Nf6 6. h3 Bh5 7. Nbd2 Nbd7 8.
b3 Bb4 9. a3 Bc3 10. Ra2 Nb6 11. Bd3 e5 12. O-O exd4 13. exd4 O-O 14. Qc2 Bxd4
15. Bb2 Bxb2 16. Rxb2 Qe7 17. b4 Rfe8 18. Ng5 h6 19. Nge4 Rad8 20. Rc1 c6 21.
Nxf6+ Qxf6 22. Rbb1 Qd4 23. Rb3 Be2 24. Re1 Bxd3 25. Rxe8+ Rxe8 26. Rxd3 Qa1+
27. Kh2 Qe5+ 28. g3 Qe2 29. Kg2 Nd5 30. Kg1 Qe1+ 31. Nf1 Re2 32. Qc5 Ne3 33.
Rd8+ Kh7 34. Qxe3 Rxe3 35. fxe3 Qc1 36. Rd7 Qxa3 37. Rxb7 Kg6 38. Kf2 Qa2+ 39.
Kf3 Qa6 0-1

[Event "DVM U14 2016"]
[Site "Düsseldorf GER"]
[Date "2016.12.27"]
[Round "1"]
[White "Engert, Kiyan"]
[Black "Qiu, Leo"]
[Result "1-0"]
[Termination "normal"]
[Board "10.3"]
[WhiteElo "1472"]
[BlackElo "1328"]
[WhiteTeam "Biebertaler SF"]
[BlackTeam "Gütersloher SV"]
[PlyCount "93"]
[WhiteFideId "16214870"]
[BlackFideId "16235215"]
[EventCountry "GER"]
[EventRounds "7"]
[EventType "team-swiss"]
[EventDate "2016.12.26"]

1. d4 d5 2. Nf3 Nc6 3. Bf4 Bf5 4. e3 a6 5. Be2 Nf6 6. h3 e6 7. O-O Bd6 8. Bxd6
Qxd6 9. Nbd2 Nb4 10. c4 O-O 11. Qb3 Rab8 12. c5 Qe7 13. Qxb4 Nd7 14. Qc3 f6 15.
b4 c6 16. Bd3 Bxd3 17. Qxd3 e5 18. Qb3 Kh8 19. dxe5 fxe5 20. e4 Qf7 21. exd5
Qxd5 22. Qxd5 cxd5 23. Rad1 Rfe8 24. Rfe1 Rbd8 25. Nb3 Nf6 26. Rxe5 Kg8 27.
Rxe8+ Rxe8 28. Re1 Rxe1+ 29. Nxe1 Kf7 30. f3 Ke6 31. Kf2 Ke5 32. Ke3 g6 33. Nd4
Nh5 34. Nd3+ Kf6 35. a4 h6 36. b5 axb5 37. axb5 Ke7 38. Nf4 Nxf4 39. Kxf4 Kd7
40. Ke5 Kc7 41. Kxd5 Kd7 42. c6+ bxc6+ 43. bxc6+ Kc8 44. Kd6 g5 45. Nf5 Kd8 46.
c7+ Kc8 47. Ne7+ 1-0

[Event "DVM U14 2016"]
[Site "Düsseldorf GER"]
[Date "2016.12.27"]
[Round "1"]
[White "Jürging, Felix"]
[Black "Limpert, Tillmann"]
[Result "0-1"]
[Termination "normal"]
[Board "10.4"]
[WhiteElo "1115"]
[BlackElo "1486"]
[WhiteTeam "Gütersloher SV"]
[BlackTeam "Biebertaler SF"]
[PlyCount "98"]
[WhiteFideId "16235134"]
[BlackFideId "16213254"]
[EventCountry "GER"]
[EventRounds "7"]
[EventType "team-swiss"]
[EventDate "2016.12.26"]

1. e4 e5 2. Nf3 Nc6 3. Bc4 Bc5 4. Nc3 Nf6 5. d3 d6 6. h3 Be6 7. Bxe6 fxe6 8.
Be3 Bb6 9. d4 exd4 10. Nxd4 Nxd4 11. Bxd4 e5 12. Bxb6 axb6 13. O-O O-O 14. Qf3
Qe7 15. Rad1 Rf7 16. Rd2 Raf8 17. a3 c6 18. b4 Qe6 19. Kh1 Qc4 20. Qd3 Qxd3 21.
Rxd3 Rd8 22. f3 d5 23. Kg1 d4 24. Na4 b5 25. Nc5 b6 26. Ne6 Rd6 27. Ng5 Ra7 28.
f4 Re7 29. fxe5 Rxe5 30. Rf5 Rxf5 31. exf5 c5 32. c3 h6 33. Ne6 dxc3 34. Rxc3
c4 35. Nf4 Ne4 36. Rc2 Kf7 37. Kf1 Ng3+ 38. Kf2 Nxf5 39. Rc3 g5 40. Ne2 Ke6 41.
Kf3 Ke5 42. g4 Nd4+ 43. Nxd4 Kxd4 44. Rc1 Re6 45. Rd1+ Kc3 46. Rc1+ Kb2 47. Rf1
Rf6+ 48. Ke2 Rxf1 49. Kxf1 c3 0-1